000 00945nam0a22002531 4500
001 rc\189520
005 20250620224448.0
010 _a5-7218-0030-5
_910000
035 _a(NLR Aleph) 005446321
090 _a4810765
_c4810765
100 _a20030307d1995 |||y0rusy50 ca
101 0 _arus
102 _aRU
105 _ay |||||||||
200 1 _aКодекс законов о труде Российской Федерации
_e[Принят второй сес. Верхов. Совета РСФСР восьмого созыва 9 дек. 1971 г.]
_eС изм. и доп. на 9 окт. 1995 г.
210 _aМ.
_cТЕИС
_d1995
215 _a111 с.
_d21
740 1 _aРоссийская Федерация
_iКодекс законов о труде
_tЗаконы
_9883295
_3RU\NLR\AUTH\880611444
801 0 _aRU
_bNLR
_gpsbo
801 1 _aRU
_bELAR
_2rusmarc
852 _aNLR
_j96-3/2714
942 _cBOOK
980 _aNB